Modified Polyester Fibres /

Gespeichert in:
Bibliographische Detailangaben
1. Verfasser: Militký, Jiří (Verfasst von)
Format: Buch
Sprache:Englisch
Veröffentlicht: Praha : Informatorium, 1991
Schriftenreihe:Textile Science and Technology Vol.10
Tags: Tag hinzufügen
Keine Tags, Fügen Sie das erste Tag hinzu!

MARC

LEADER 00000nam a22000003a 4500
001 stu19059
005 20150617225756.0
008 920702s1991----cs------------------eng-d
020 |a 0-444-98735-5 
040 |a STU  |b slo 
041 0 |a eng 
044 |a cs 
080 |a 678.674 
100 1 |a Militký, Jiří  |4 aut 
245 1 |a Modified Polyester Fibres /  |c [aut.]Militký,Jiří a kol 
260 |a Praha :  |b Informatorium,  |c 1991 
300 |a 261 s :  |b Obr.,tab.,grafy,lit.,index 
830 0 |a Textile Science and Technology  |v Vol.10 
996 |b C89899  |c C*89899  |l CCXXIVB  |s P  |a 0  |w stu19059_0001 
996 |b C89900  |c C*89900  |l CCXXIVB  |s P  |a 0  |w stu19059_0002